[Event "4NCL Online Division 6"]
[Site "online"]
[Date "2020.09.08"]
[Round "2.28"]
[White "Pardeshi, Prachi"]
[Black "Giannini, John"]
[Result "1-0"]
[WhiteElo "523"]
[BlackElo "850"]
[PlyCount "71"]
[EventDate "2020.09.08"]
[WhiteTeam "East Kilbride Rovers"]
[BlackTeam "Morriston Benko"]

1. e4 e6 2. Nf3 Nc6 3. d4 d5 4. exd5 exd5 5. Bb5 a6 6. Ba4 Bb4+ 7. c3 Be7 8.
Qe2 Nf6 9. O-O O-O 10. Ne5 Bg4 11. Nxg4 Nxg4 12. Qxg4 Qc8 13. Qxc8 Raxc8 14.
Bc2 Bf6 15. Nd2 b5 16. a3 Rfd8 17. Nf3 h6 18. h3 Re8 19. Bd3 Na5 20. Rb1 Nb3
21. Be3 c6 22. Ne5 Bxe5 23. dxe5 Rxe5 24. Bc2 Na5 25. a4 Nb7 26. axb5 cxb5 27.
b4 Rxc3 28. Bd4 Re8 29. Bxc3 Nd6 30. Rbd1 Nc4 31. Rxd5 Na3 32. Bf5 f6 33. Bg6
Rf8 34. Rfd1 Nc2 35. Rd8 Rxd8 36. Rxd8# 1-0

[Event "4NCL Online Division 6"]
[Site "online"]
[Date "2020.09.08"]
[Round "2.35"]
[White "Stewart, Alastair G"]
[Black "Gill, Percy TP"]
[Result "1-0"]
[WhiteElo "1576"]
[BlackElo "1757"]
[PlyCount "141"]
[EventDate "2020.09.08"]
[WhiteTeam "East Kilbride Wanderers"]
[BlackTeam "Camborne Pendarves"]

1. d4 d5 2. Nf3 Bf5 3. e3 e6 4. c4 c6 5. cxd5 exd5 6. Nc3 Bd6 7. Qb3 b6 8. Be2
Nd7 9. O-O h6 10. Bd2 Ngf6 11. Rac1 Rc8 12. Qa4 a5 13. Nd1 Nb8 14. Ne5 Bxe5 15.
dxe5 Ne4 16. Bc3 O-O 17. f3 Nc5 18. Qd4 Ne6 19. Qd2 c5 20. Bd3 Bxd3 21. Qxd3
Nc6 22. f4 d4 23. Bd2 dxe3 24. Qxd8 Rcxd8 25. Bxe3 Ncd4 26. Nc3 Nf5 27. Rce1
Rd3 28. Bc1 Rfd8 29. Rd1 R3d4 30. g4 Rxd1 31. Rxd1 Nfd4 32. Kf2 Kf8 33. h4 Ke7
34. f5 Nc7 35. Be3 Ke8 36. Na4 Na8 37. Bxd4 cxd4 38. Kf3 b5 39. Nc5 Nb6 40. Nb7
Rd5 41. Ke4 f6 42. exf6 gxf6 43. Rxd4 Re5+ 44. Kf3 a4 45. Re4 Nc4 46. Rxe5+
Nxe5+ 47. Kf4 Nd3+ 48. Ke4 Nxb2 49. Nd6+ Ke7 50. Nxb5 Nd1 51. Kf3 Kd7 52. Ke2
Nb2 53. Na3 Kd6 54. Kd2 Ke5 55. Kc2 Kf4 56. g5 hxg5 57. hxg5 Kxg5 58. Kxb2 Kxf5
59. Nb5 Ke5 60. Nc3 a3+ 61. Kxa3 f5 62. Kb4 f4 63. a4 f3 64. Nd1 Ke4 65. a5 Kd3
66. a6 Ke2 67. a7 Kxd1 68. a8=Q f2 69. Qg2 Ke1 70. Kc3 f1=Q 71. Qd2# 1-0

[Event "4NCL Online Division 6"]
[Site "online"]
[Date "2020.09.08"]
[Round "2.36"]
[White "Rodrigo, Y Jan"]
[Black "Smith, Bob"]
[Result "1-0"]
[WhiteElo "1795"]
[BlackElo "1425"]
[PlyCount "117"]
[EventDate "2020.09.08"]
[WhiteTeam "Camborne Pendarves"]
[BlackTeam "East Kilbride Wanderers"]

1. d4 c5 2. dxc5 e6 3. Nc3 Bxc5 4. Ne4 Nf6 5. Nxc5 Qa5+ 6. c3 Qxc5 7. Nf3 Nc6
8. Bg5 Ne4 9. Be3 Qe7 10. Nd2 f5 11. Nxe4 fxe4 12. f3 O-O 13. Qc2 d5 14. fxe4
b5 15. b4 Qf6 16. g3 Nxb4 17. Qb2 Nd3+ 18. exd3 Qf3 19. Bc5 Qxh1 20. Bxf8 Kxf8
21. Qf2+ Kg8 22. exd5 Qxd5 23. Bg2 Qe5+ 24. Kd2 b4 25. d4 bxc3+ 26. Kc2 Qb5 27.
Rb1 Qa4+ 28. Kxc3 Qa5+ 29. Kd3 Ba6+ 30. Ke4 Qf5+ 31. Qxf5 exf5+ 32. Kf4 Rd8 33.
d5 Bc4 34. Ke5 Bxa2 35. Ra1 Bc4 36. Rxa7 g6 37. d6 Re8+ 38. Kd4 Be6 39. Bd5 Kf8
40. d7 Bxd7 41. Rxd7 Re7 42. Rd8+ Kg7 43. h4 Ra7 44. Ke5 Re7+ 45. Kf4 h6 46. h5
g5+ 47. Kxf5 Rc7 48. g4 Re7 49. Be6 Rc7 50. Rd7+ Rxd7 51. Bxd7 Kf7 52. Be8+ Kg7
53. Ke6 Kg8 54. Kf6 Kh7 55. Bd7 Kg8 56. Kg6 Kf8 57. Kxh6 Kf7 58. Kxg5 Kg7 59.
Bf5 1-0

[Event "4NCL Online Division 6"]
[Site "online"]
[Date "2020.09.08"]
[Round "2.37"]
[White "Dunn, Jeff"]
[Black "Oates, Thomas"]
[Result "1-0"]
[WhiteElo "1350"]
[BlackElo "1682"]
[PlyCount "49"]
[EventDate "2020.09.08"]
[WhiteTeam "East Kilbride Wanderers"]
[BlackTeam "Camborne Pendarves"]

1. d4 f5 2. Nf3 e6 3. e3 Nf6 4. Nbd2 Be7 5. Bd3 O-O 6. e4 fxe4 7. Nxe4 d6 8.
O-O Nc6 9. c3 e5 10. Bc2 d5 11. Nxf6+ Bxf6 12. dxe5 Nxe5 13. Nxe5 Bxe5 14. Qh5
Qd6 15. Qxh7+ Kf7 16. Qh5+ Ke7 17. Re1 Kf6 18. Qg6+ Ke7 19. Qxg7+ Ke6 20. Qg4+
Kf7 21. Qh5+ Kf6 22. Bg5+ Ke6 23. Qg6+ Kd7 24. Qh7+ Kc6 25. Be7 1-0

[Event "4NCL Online Division 6"]
[Site "online"]
[Date "2020.09.08"]
[Round "2.38"]
[White "Pope, Martin"]
[Black "Nagar, Pankaj"]
[Result "1-0"]
[WhiteElo "1660"]
[BlackElo "770"]
[PlyCount "139"]
[EventDate "2020.09.08"]
[WhiteTeam "Camborne Pendarves"]
[BlackTeam "East Kilbride Wanderers"]

1. d4 d5 2. Nf3 Nf6 3. c4 c6 4. cxd5 Nxd5 5. e4 Nf6 6. Nc3 Bg4 7. Be2 h5 8. h3
Bd7 9. a4 e6 10. O-O Bb4 11. Qc2 b6 12. Rd1 c5 13. dxc5 Bxc5 14. e5 Ng8 15. Ne4
Qc8 16. Nxc5 Qxc5 17. Qxc5 bxc5 18. Be3 Ne7 19. Bxc5 Bc6 20. Nd4 Bd5 21. Nb5
Nbc6 22. Nc7+ Kd7 23. Nxa8 Rxa8 24. Bxe7 Kxe7 25. f4 a5 26. Bf3 Nb4 27. Bxd5
Nxd5 28. g3 Rb8 29. Rd2 Rb3 30. Ra3 Rb4 31. Kf2 Nb6 32. b3 Nd5 33. Rd3 Nc3 34.
Rxc3 f6 35. exf6+ gxf6 36. Rc7+ Kd6 37. Ra7 e5 38. fxe5+ fxe5 39. Rxa5 Rd4 40.
Rxe5 Kxe5 41. a5 Rd8 42. a6 Ra8 43. Ra5+ Kd6 44. Rxh5 Kc6 45. Rh6+ Kb5 46. Rf6
Kb4 47. g4 Kxb3 48. g5 Kc4 49. Kf3 Kd5 50. Kf4 Kc5 51. Kf5 Kb5 52. g6 Rg8 53.
h4 Kc4 54. h5 Kd4 55. Rf7 Rh8 56. Kg5 Ke4 57. h6 Ke5 58. a7 Ke6 59. Rb7 Ra8 60.
h7 Kd6 61. g7 Kc6 62. Rf7 Kb6 63. g8=Q Rxg8+ 64. hxg8=Q Ka5 65. a8=Q+ Kb4 66.
Qgb8+ Kc5 67. Rc7+ Kd6 68. Qd8+ Ke6 69. Qc6+ Ke5 70. Qdd5# 1-0

[Event "4NCL Online Division 6"]
[Site "online"]
[Date "2020.09.08"]
[Round "2.45"]
[White "Nancarrow, Richard"]
[Black "Evans, Alf"]
[Result "1/2-1/2"]
[WhiteElo "1540"]
[BlackElo "1367"]
[PlyCount "91"]
[EventDate "2020.09.08"]
[WhiteTeam "Jan Luke's Wrecking Crew"]
[BlackTeam "Malpas & Croesoswallt"]

1. d4 Nf6 2. e3 g6 3. Be2 d5 4. Nf3 Bg7 5. O-O O-O 6. h3 c6 7. c3 Bf5 8. Nbd2
Nbd7 9. Nh4 Be6 10. Nhf3 Re8 11. Bd3 Qc7 12. Nb3 b6 13. Ng5 Qd6 14. Re1 Bh6 15.
Nxe6 Qxe6 16. Nd2 Qd6 17. e4 dxe4 18. Nxe4 Nxe4 19. Bxe4 Bg7 20. Bf3 Rac8 21.
Bg5 e5 22. dxe5 Bxe5 23. Qxd6 Bxd6 24. Rxe8+ Rxe8 25. Bxc6 Re5 26. Bxd7 Rxg5
27. Re1 Re5 28. Rxe5 Bxe5 29. Kf1 Kf8 30. Ke2 Ke7 31. Ba4 a5 32. Bb3 g5 33. Kd3
f6 34. Bd5 h5 35. b3 h4 36. c4 Kd6 37. Bf3 Kc5 38. Kc2 Bd4 39. Bg4 Bxf2 40. Bd7
Bd4 41. Bf5 Kb4 42. Kb1 Be5 43. Be6 Bd4 44. Bf5 Be5 45. Be6 Bd4 46. Bf5 1/2-1/2

[Event "4NCL Online Division 6"]
[Site "online"]
[Date "2020.09.08"]
[Round "2.46"]
[White "Ritchie, Stephen"]
[Black "Macphail, Kieran"]
[Result "1-0"]
[WhiteElo "1164"]
[BlackElo "1472"]
[PlyCount "145"]
[EventDate "2020.09.08"]
[WhiteTeam "Malpas & Croesoswallt"]
[BlackTeam "Jan Luke's Wrecking Crew"]

1. e4 c5 2. Bc4 Nc6 3. Nf3 e6 4. c3 d5 5. exd5 exd5 6. Qe2+ Be7 7. Bb5 a6 8.
Bxc6+ bxc6 9. O-O Nf6 10. Ne5 Qc7 11. Nf3 O-O 12. d3 h6 13. Be3 Re8 14. Qd2 a5
15. Bf4 Bd6 16. Bxd6 Qxd6 17. b3 Ba6 18. c4 Bb7 19. Nc3 Re7 20. Rfe1 Rae8 21.
Rxe7 Rxe7 22. Re1 Rxe1+ 23. Qxe1 Bc8 24. Qe5 Qd7 25. h3 dxc4 26. dxc4 Qa7 27.
Ne4 Nxe4 28. Qxe4 Be6 29. Qxc6 a4 30. Nd2 axb3 31. axb3 Qa1+ 32. Kh2 Qe5+ 33.
g3 Qf5 34. Qg2 g6 35. f3 Qc2 36. g4 Kh7 37. Kg3 Qb2 38. Qe2 Qc1 39. Kg2 Qb2 40.
Kf2 Qd4+ 41. Qe3 Qb2 42. Qe2 Qd4+ 43. Qe3 Qd6 44. f4 Qb6 45. Qc3 Qc7 46. Qe3
Qa7 47. Qc3 Qa2 48. Qe3 Qb2 49. Qe2 Qd4+ 50. Qe3 Qb2 51. Qe2 Qc1 52. Qe1 Qxe1+
53. Kxe1 h5 54. gxh5 gxh5 55. h4 Kg6 56. Kf2 Kf5 57. Kg3 Bd7 58. Nf3 Ke4 59.
Ng5+ Kd3 60. Nxf7 Kc3 61. Ne5 Bg4 62. Nxg4 hxg4 63. f5 Kxb3 64. f6 Kxc4 65. f7
Kb3 66. f8=Q c4 67. Qc5 c3 68. Qxc3+ Kxc3 69. Kxg4 Kd4 70. Kg5 Ke5 71. Kg6 Ke6
72. h5 Ke7 73. Kg7 1-0

[Event "4NCL Online Division 6"]
[Site "online"]
[Date "2020.09.08"]
[Round "2.47"]
[White "Spargo, Philip J"]
[Black "Campbell, Graeme"]
[Result "1-0"]
[WhiteElo "1420"]
[BlackElo "1142"]
[PlyCount "71"]
[EventDate "2020.09.08"]
[WhiteTeam "Jan Luke's Wrecking Crew"]
[BlackTeam "Malpas & Croesoswallt"]

1. e4 d6 2. d3 Nf6 3. Nf3 h6 4. Nc3 e5 5. Be2 Be7 6. Be3 O-O 7. O-O Be6 8. h3
b6 9. Nh2 c5 10. b3 Nc6 11. Ng4 Nd4 12. Nxf6+ Bxf6 13. Bxd4 exd4 14. Nb1 Re8
15. Bg4 Qd7 16. Bxe6 Rxe6 17. Nd2 Rae8 18. f4 d5 19. e5 Bd8 20. Qg4 Qc6 21.
Rae1 Bc7 22. Nf3 f6 23. exf6 Rxf6 24. Rxe8+ Qxe8 25. Re1 Qb8 26. Qd7 Bxf4 27.
Re8+ Qxe8 28. Qxe8+ Rf8 29. Qe6+ Rf7 30. Qxd5 Be3+ 31. Kh1 Bg5 32. Nxg5 hxg5
33. Qxg5 Rf2 34. Qd8+ Kh7 35. Qh4+ Kg8 36. Qxf2 1-0

[Event "4NCL Online Division 6"]
[Site "online"]
[Date "2020.09.08"]
[Round "2.48"]
[White "Winter, Molly"]
[Black "James, John"]
[Result "0-1"]
[WhiteElo "775"]
[BlackElo "1277"]
[PlyCount "118"]
[EventDate "2020.09.08"]
[WhiteTeam "Malpas & Croesoswallt"]
[BlackTeam "Jan Luke's Wrecking Crew"]

1. d4 d5 2. Bf4 c6 3. Nc3 e6 4. g3 Nf6 5. Bh3 Bd6 6. Bxd6 Qxd6 7. Nf3 Nbd7 8.
O-O O-O 9. Qd3 c5 10. g4 c4 11. Qe3 Re8 12. Ne5 Qe7 13. g5 Nh5 14. f4 g6 15.
Nxd7 Bxd7 16. Rf3 f6 17. Bg4 Ng7 18. Rh3 Nf5 19. Qf2 fxg5 20. fxg5 Qxg5 21. Qg2
Ne3 22. Rxe3 Qxe3+ 23. Qf2 Qxf2+ 24. Kxf2 Rf8+ 25. Ke1 Rf4 26. Bf3 Rh4 27. Kd2
Rxd4+ 28. Ke3 Rh4 29. Rd1 Bc6 30. Rd4 Rxh2 31. Bxd5 exd5 32. Nxd5 Rd8 33. Ne7+
Kf7 34. Nxc6 Rxd4 35. Nxd4 a6 36. b3 cxb3 37. cxb3 h5 38. Nf3 Rh1 39. Kf4 Kf6
40. e4 Ra1 41. e5+ Ke7 42. Ng5 Rxa2 43. e6 Rb2 44. Ke5 Rxb3 45. Nh7 Rb5+ 46.
Kd4 h4 47. Ng5 Rxg5 48. Ke4 Kxe6 49. Kf4 Kf6 50. Ke4 Ra5 51. Kf4 Ra4+ 52. Ke3
Kf5 53. Kd3 Ke5 54. Kd2 Ra3 55. Ke2 Kd4 56. Kf2 Ke4 57. Ke2 Ra2+ 58. Kf1 Ke3
59. Ke1 Ra1# 0-1

[Event "4NCL Online Division 6"]
[Site "online"]
[Date "2020.09.08"]
[Round "2.55"]
[White "Rupf, Oscar"]
[Black "Wilson, Andrew B"]
[Result "0-1"]
[WhiteElo "1375"]
[BlackElo "1675"]
[PlyCount "52"]
[EventDate "2020.09.08"]
[WhiteTeam "Barnet Knights E"]
[BlackTeam "Ashby Ivanhoe"]

1. e4 e6 2. d4 d5 3. e5 c5 4. c3 Nc6 5. Nf3 Bd7 6. Be2 Nge7 7. Be3 cxd4 8. cxd4
Nf5 9. Qd2 Be7 10. O-O O-O 11. Nc3 Rc8 12. Rac1 Qa5 13. a3 a6 14. Na2 Qxd2 15.
Bxd2 Ncxd4 16. Nxd4 Nxd4 17. Rce1 Nxe2+ 18. Rxe2 Bb5 19. Ree1 Bxf1 20. Rxf1 Rc2
21. Bc3 Bxa3 22. bxa3 Rxa2 23. Bb4 Rc8 24. h4 Re2 25. f4 Rcc2 26. Kh1 Rxg2 0-1

[Event "4NCL Online Division 6"]
[Site "online"]
[Date "2020.09.08"]
[Round "2.56"]
[White "Hayden, Lawrence F"]
[Black "Zholnin, Ivan"]
[Result "1-0"]
[WhiteElo "1652"]
[BlackElo "1345"]
[PlyCount "123"]
[EventDate "2020.09.08"]
[WhiteTeam "Ashby Ivanhoe"]
[BlackTeam "Barnet Knights E"]

1. e4 e5 2. Nc3 Nf6 3. f4 exf4 4. e5 Nd5 5. Nxd5 Qh4+ 6. Ke2 f3+ 7. Kd3 fxg2 8.
Bxg2 Na6 9. Qf3 Nc5+ 10. Ke2 Ne6 11. c3 Bc5 12. Qg3 Qh5+ 13. Nf3 c6 14. Nf4
Nxf4+ 15. Qxf4 O-O 16. Qg5 Qxg5 17. Nxg5 Re8 18. d4 Be7 19. Kd1 Bxg5 20. Bxg5
h6 21. Bf4 Re6 22. Bh3 Rg6 23. Kc2 d6 24. Bxc8 Rxc8 25. Rag1 Rxg1 26. Rxg1 dxe5
27. Bxh6 g6 28. dxe5 Re8 29. Bf4 Kg7 30. Rd1 Re7 31. Rd6 Kf8 32. Rd8+ Re8 33.
Bh6+ Ke7 34. Bg5+ Kf8 35. Kd3 Rxd8+ 36. Bxd8 Ke8 37. Bf6 Kd7 38. Ke4 Ke6 39. c4
c5 40. a3 a5 41. b3 b6 42. Bd8 g5 43. Bxb6 f5+ 44. exf6 Kxf6 45. Bxc5 g4 46. b4
axb4 47. axb4 Kg5 48. Bf2 Kh5 49. b5 Kg5 50. b6 Kh5 51. b7 Kg5 52. b8=Q Kh5 53.
Qf4 g3 54. Bxg3 Kg6 55. Qf5+ Kh6 56. Bf4+ Kg7 57. Be5+ Kh6 58. Bf4+ Kg7 59. Bg5
Kh8 60. Bh6 Kg8 61. Qf8+ Kh7 62. Qg7# 1-0

[Event "4NCL Online Division 6"]
[Site "online"]
[Date "2020.09.08"]
[Round "2.58"]
[White "Roberts, Neil J"]
[Black "Rasalingam, Rishi"]
[Result "0-1"]
[WhiteElo "1382"]
[BlackElo "1157"]
[PlyCount "50"]
[EventDate "2020.09.08"]
[WhiteTeam "Ashby Ivanhoe"]
[BlackTeam "Barnet Knights E"]

1. e4 c5 2. Nf3 Nc6 3. a3 d6 4. Bc4 g6 5. Ng5 e6 6. d3 Bg7 7. c3 Nf6 8. O-O O-O
9. Nf3 a6 10. Bg5 b5 11. Ba2 Bb7 12. Bh4 Re8 13. Re1 d5 14. e5 Nxe5 15. Nxe5
Qd6 16. Qf3 Rab8 17. Bxf6 d4 18. Bxg7 Bxf3 19. Nxf3 Kxg7 20. c4 bxc4 21. Re2
cxd3 22. Rd2 Qf4 23. Bc4 Rxb2 24. Rxb2 Qc1+ 25. Ne1 Qxe1# 0-1

[Event "4NCL Online Division 6"]
[Site "online"]
[Date "2020.09.08"]
[Round "2.65"]
[White "Love, James"]
[Black "Munshi, Aryan"]
[Result "0-1"]
[WhiteElo "1697"]
[BlackElo "1148"]
[PlyCount "142"]
[EventDate "2020.09.08"]
[WhiteTeam "Crowthorne 2"]
[BlackTeam "Phones Pals Rooks"]

1. e4 e5 2. Nf3 Nc6 3. d4 exd4 4. Nxd4 Nf6 5. Nc3 d6 6. Be3 Be7 7. Bc4 O-O 8.
Qd3 Nxd4 9. Bxd4 Be6 10. O-O Bxc4 11. Qxc4 Nd7 12. Qe2 Bf6 13. Rad1 Bxd4 14.
Rxd4 Qe7 15. Nd5 Qd8 16. Rfd1 Nf6 17. Nxf6+ Qxf6 18. f3 Rfd8 19. Qb5 b6 20. Qc6
Qe7 21. c3 f6 22. a3 Qd7 23. Rc4 Qxc6 24. Rxc6 Rac8 25. b4 Kf7 26. c4 Ke7 27.
b5 Rd7 28. f4 Re8 29. Kf2 Kf7 30. Kf3 Rde7 31. Rd4 Ke6 32. f5+ Kd7 33. Kf4 Re5
34. g4 Rc5 35. Rxc5 bxc5 36. Rd3 Ra8 37. a4 c6 38. h4 cxb5 39. cxb5 a6 40. b6
a5 41. g5 Rb8 42. g6 h6 43. Rb3 Kc6 44. Rb5 Rxb6 45. Rxa5 Kb7 46. Ke3 Ra6 47.
Rb5+ Rb6 48. Kd3 Rxb5 49. axb5 Kb6 50. Kc4 h5 51. Kd5 Kxb5 52. Ke6 c4 53. Kf7
c3 54. Kxg7 c2 55. Kh8 c1=Q 56. g7 Qh6+ 57. Kg8 Qf4 58. Kf7 Qxe4 59. Kxf6 Qe8
60. Kg5 d5 61. f6 Qf7 62. Kh6 Qxf6+ 63. Kh7 Qf7 64. Kh6 d4 65. g8=Q Qxg8 66.
Kxh5 d3 67. Kh6 d2 68. h5 Qe6+ 69. Kh7 d1=Q 70. h6 Qdd7+ 71. Kh8 Qee8# 0-1

[Event "4NCL Online Division 6"]
[Site "online"]
[Date "2020.09.08"]
[Round "2.66"]
[White "Vadalia, Jainill"]
[Black "Fell, Colin C"]
[Result "0-1"]
[WhiteElo "1140"]
[BlackElo "1622"]
[PlyCount "162"]
[EventDate "2020.09.08"]
[WhiteTeam "Phones Pals Rooks"]
[BlackTeam "Crowthorne 2"]

1. d4 g6 2. c4 Bg7 3. Nc3 d6 4. e4 Nc6 5. Nf3 e5 6. d5 Nb8 7. Bd3 h6 8. Be3 Ne7
9. Qd2 f5 10. g3 Nd7 11. a3 Nf6 12. O-O-O Bd7 13. Qc2 O-O 14. Nh4 Ng4 15. h3
Nxe3 16. fxe3 f4 17. exf4 exf4 18. gxf4 Rxf4 19. Ng2 Rf3 20. Qe2 Rxh3 21. Rxh3
Bxh3 22. Nf4 Bd7 23. Qg2 g5 24. Rg1 Qf8 25. Nfe2 Ng6 26. Rf1 Qe7 27. Qh2 Ne5
28. Qg3 a6 29. Kc2 Rf8 30. Qg2 Rxf1 31. Qxf1 Qf6 32. Qg1 b6 33. Qe3 Qf3 34.
Qxf3 Nxf3 35. Nd1 h5 36. Ng3 h4 37. Nh1 g4 38. Be2 Nd4+ 39. Kd3 g3 40. Bf1 Nf3
41. Ke2 Bg4 42. Ndf2 gxf2 43. Nxf2 Nh2+ 44. Ke1 Nxf1 45. Kxf1 Bf3 46. b3 Be5
47. Ke1 Bg3 48. Kf1 Bxf2 49. Kxf2 Bxe4 50. Kg1 h3 51. Kh2 Bg2 52. b4 Kg7 53. a4
Kf6 54. c5 Ke5 55. cxb6 cxb6 56. a5 bxa5 57. bxa5 Kxd5 58. Kg1 Kc5 59. Kf2 Kb5
60. Kg3 Kxa5 61. Kh2 Kb5 62. Kg1 Kc4 63. Kf2 d5 64. Kg3 d4 65. Kf2 Kc3 66. Kg1
d3 67. Kh2 Kc2 68. Kg1 d2 69. Kf2 a5 70. Kg3 a4 71. Kh2 a3 72. Kg1 d1=Q+ 73.
Kh2 Qh1+ 74. Kg3 a2 75. Kf2 Qf1+ 76. Kg3 a1=Q 77. Kg4 Qf3+ 78. Kg5 Qa5+ 79. Kg6
Qc6+ 80. Kh7 Qa7+ 81. Kg8 Qc8# 0-1

[Event "4NCL Online Division 6"]
[Site "online"]
[Date "2020.09.08"]
[Round "2.67"]
[White "Leadbetter, Scott"]
[Black "McShane, James"]
[Result "0-1"]
[WhiteElo "1607"]
[BlackElo "1100"]
[PlyCount "144"]
[EventDate "2020.09.08"]
[WhiteTeam "Crowthorne 2"]
[BlackTeam "Phones Pals Rooks"]

1. c4 Nf6 2. Nc3 g6 3. g3 Bg7 4. Bg2 d6 5. d4 O-O 6. e4 e5 7. d5 Nbd7 8. Nge2
Nb6 9. b3 c6 10. O-O Nfd7 11. Be3 f5 12. exf5 cxd5 13. Bxd5+ Nxd5 14. Qxd5+ Kh8
15. fxg6 Nf6 16. Qd3 Bh3 17. Rfd1 Qe8 18. gxh7 Qh5 19. Bd2 Bf5 20. Qxd6 Rad8
21. Qc5 Bg4 22. Qe3 Bf3 23. h4 Qg4 24. Kh2 Qf5 25. Qg5 Ng4+ 26. Kg1 Bxe2 27.
Qxf5 Rxf5 28. Nxe2 Rxf2 29. Bg5 Rxd1+ 30. Rxd1 Rxe2 31. Rd8+ Kxh7 32. Rd7 Rxa2
33. Rxb7 Kg6 34. c5 e4 35. c6 Be5 36. c7 Bxc7 37. Rxc7 e3 38. Re7 e2 39. Re6+
Kf5 40. Rxe2 Rxe2 41. Kf1 Rb2 42. Bf4 Rxb3 43. Ke2 a5 44. h5 a4 45. h6 Kg6 46.
Kd2 Nxh6 47. Kc2 Nf5 48. Be5 Nxg3 49. Kd2 Nf5 50. Kc2 Rb6 51. Bb2 Nd6 52. Ba3
Nc4 53. Bc5 Rb3 54. Bd4 Kf5 55. Ba1 Ne3+ 56. Kd2 Ke4 57. Bc3 Nc4+ 58. Kc2 Kd5
59. Ba1 Kc5 60. Bf6 Kb5 61. Be7 Ne3+ 62. Kd2 Kc4 63. Bf6 a3 64. Kc1 a2 65. Kd2
Nf1+ 66. Kc2 Rf3 67. Ba1 Rf2+ 68. Kd1 Kb3 69. Ke1 Rh2 70. Be5 Rh1 71. Ke2 Ng3+
72. Bxg3 a1=Q 0-1

[Event "4NCL Online Division 6"]
[Site "online"]
[Date "2020.09.08"]
[Round "2.68"]
[White "Lukhi, Neev"]
[Black "Rajeev-Lazar, Seyon"]
[Result "1/2-1/2"]
[WhiteElo "970"]
[BlackElo "1570"]
[PlyCount "84"]
[EventDate "2020.09.08"]
[WhiteTeam "Phones Pals Rooks"]
[BlackTeam "Crowthorne 2"]

1. d4 e6 2. Bf4 d5 3. e3 c5 4. Nf3 Nc6 5. c3 Qb6 6. Qc2 cxd4 7. exd4 Nf6 8.
Nbd2 Bd7 9. Bd3 Rc8 10. a3 Be7 11. O-O Nb8 12. Ne5 Bd6 13. Ndf3 h6 14. Rfe1 g5
15. Bg3 Ke7 16. Bf5 Rcg8 17. Nxd7 Nbxd7 18. Bd3 h5 19. Bxd6+ Qxd6 20. Ne5 g4
21. Rad1 h4 22. c4 b6 23. Qe2 g3 24. h3 gxf2+ 25. Qxf2 Rg7 26. Rf1 Rhg8 27. Ng4
Nxg4 28. hxg4 Qg3 29. Qxg3 hxg3 30. cxd5 exd5 31. Rde1+ Kd6 32. Bf5 Nf6 33. b4
Nxg4 34. Bxg4 Rxg4 35. Rf6+ Kc7 36. Re7+ Kd8 37. Rfxf7 Rxd4 38. Rd7+ Ke8 39.
Rfe7+ Kf8 40. Rf7+ Ke8 41. Rfe7+ Kf8 42. Rf7+ Ke8 1/2-1/2

[Event "4NCL Online Division 6"]
[Site "online"]
[Date "2020.09.22"]
[Round "3.11"]
[White "McKeown, Paul"]
[Black "Lim, Mark"]
[Result "1-0"]
[WhiteElo "2093"]
[BlackElo "1877"]
[PlyCount "111"]
[EventDate "2020.09.22"]
[WhiteTeam "Cavan Crusaders"]
[BlackTeam "Broadland Falco Duboisi"]

1. e4 e6 2. d3 c5 3. Nf3 Nc6 4. g3 Nf6 5. Bg2 Be7 6. O-O O-O 7. Qe2 d5 8. e5
Ne8 9. c4 Nc7 10. Nc3 Rb8 11. Rd1 b5 12. b3 Ba6 13. a4 bxc4 14. bxc4 Na5 15.
Ba3 Qd7 16. Nb5 Bxb5 17. axb5 Nb3 18. Rab1 Nd4 19. Nxd4 cxd4 20. Bc1 Bc5 21.
Qg4 Rfc8 22. h4 a6 23. Bh6 Bf8 24. b6 Ne8 25. cxd5 f5 26. exf6 Nxf6 27. dxe6
Qe7 28. Qg5 Rc5 29. Qf4 Qd6 30. Qxd6 Bxd6 31. Bc1 Rb5 32. Rxb5 axb5 33. b7 Kf8
34. Bb2 Ke7 35. Bxd4 Kxe6 36. Bc6 b4 37. Re1+ Kf7 38. Ba7 Rf8 39. d4 Rd8 40.
Bb6 Rb8 41. Bc5 Bxc5 42. dxc5 b3 43. Rb1 Ne8 44. Bxe8+ Kxe8 45. Rxb3 Kd7 46.
Rb6 Kc7 47. Kg2 Rxb7 48. Rxb7+ Kxb7 49. Kf3 Kc6 50. Ke4 Kxc5 51. Ke5 Kc4 52. g4
Kd3 53. f4 Ke3 54. f5 Kf3 55. g5 Kg4 56. f6 1-0

[Event "4NCL Online Division 6"]
[Site "online"]
[Date "2020.09.22"]
[Round "3.12"]
[White "Payne, David J"]
[Black "Casinelli, Davide"]
[Result "0-1"]
[WhiteElo "1856"]
[BlackElo "1600"]
[PlyCount "100"]
[EventDate "2020.09.22"]
[WhiteTeam "Broadland Falco Duboisi"]
[BlackTeam "Cavan Crusaders"]

1. d4 Nf6 2. c4 e6 3. Nf3 b6 4. g3 Ba6 5. Qa4 Bb7 6. Bg2 c5 7. O-O cxd4 8. Nxd4
Bxg2 9. Kxg2 Qc7 10. Nc3 a6 11. f3 Ra7 12. Bg5 Be7 13. Rac1 O-O 14. e4 d6 15.
Rfd1 Rc8 16. Nce2 Qb7 17. Qb3 Nbd7 18. Qe3 h6 19. Bxf6 Bxf6 20. b4 Ne5 21. Qb3
b5 22. cxb5 Rxc1 23. Rxc1 axb5 24. h4 Qa8 25. Nxb5 Rxa2 26. Rc8+ Qxc8 27. Qxa2
Qb7 28. Nec3 Nd3 29. Qc4 Bxc3 30. Nxc3 Nxb4 31. Qb3 Qb8 32. Ne2 Nc6 33. Qc3 Qb6
34. f4 d5 35. exd5 exd5 36. g4 d4 37. Qd3 Qb7 38. Kg3 Qd7 39. h5 Qd5 40. Kh2
Kf8 41. Qa3+ Ke8 42. Qd3 Kd7 43. Kg3 Kd6 44. Nc1 Nb4 45. Qd2 Qc4 46. Kf3 Qc3+
47. Ke2 Kd5 48. Nd3 Qxd2+ 49. Kxd2 Nxd3 50. Kxd3 f6 0-1

[Event "4NCL Online Division 6"]
[Site "online"]
[Date "2020.09.22"]
[Round "3.13"]
[White "Nugent, Brian"]
[Black "Saravanan, Karthik"]
[Result "0-1"]
[WhiteElo "1650"]
[BlackElo "1734"]
[PlyCount "82"]
[EventDate "2020.09.22"]
[WhiteTeam "Cavan Crusaders"]
[BlackTeam "Broadland Falco Duboisi"]

1. e4 c5 2. Bc4 Nc6 3. a3 g6 4. d3 e6 5. Nc3 a6 6. Nge2 Bg7 7. O-O Nge7 8. Bg5
O-O 9. Kh1 b5 10. Ba2 b4 11. axb4 cxb4 12. Na4 Qa5 13. c3 Qxg5 14. f4 Qa5 15.
Ng3 bxc3 16. bxc3 d5 17. d4 Qc7 18. Nc5 a5 19. Qd3 Nb8 20. f5 exf5 21. exf5
Nxf5 22. Bxd5 Nxg3+ 23. hxg3 Ba6 24. Nxa6 Rxa6 25. Rf4 Rd6 26. c4 Nc6 27. Raf1
Rd7 28. Qd2 Nb4 29. Rh4 Nxd5 30. cxd5 Rxd5 31. Rc1 Qxg3 32. Rh3 Qd6 33. Rc4 Rb8
34. Qe1 Bxd4 35. Qc1 Bc5 36. Rxh7 Rd1+ 37. Qxd1 Qxd1+ 38. Kh2 Bd6+ 39. g3 Rb2+
40. Kh3 Qh1+ 41. Kg4 Kxh7 0-1

[Event "4NCL Online Division 6"]
[Site "online"]
[Date "2020.09.22"]
[Round "3.14"]
[White "Badger, Paul"]
[Black "Ferguson, John M"]
[Result "1-0"]
[WhiteElo "1750"]
[BlackElo "1553"]
[PlyCount "163"]
[EventDate "2020.09.22"]
[WhiteTeam "Broadland Falco Duboisi"]
[BlackTeam "Cavan Crusaders"]

1. e4 c5 2. c3 Nc6 3. Nf3 e6 4. d4 cxd4 5. cxd4 Nf6 6. Nc3 Bb4 7. Bd3 O-O 8.
O-O b6 9. a3 Be7 10. Bg5 Bb7 11. e5 Ne8 12. Bxe7 Nxe7 13. Rc1 Nd5 14. Bb1 Nec7
15. Qd3 f5 16. exf6 Nxf6 17. Ng5 h6 18. Nh7 Rf7 19. Nxf6+ gxf6 20. Ne4 Ba6 21.
Qg3+ Rg7 22. Qxc7 Qf8 23. Qf4 f5 24. Ng3 Bxf1 25. Nxf1 Rg4 26. Qf3 Rb8 27. d5
Qg7 28. dxe6 dxe6 29. Ba2 Re8 30. Re1 Qf6 31. h3 Rg6 32. Re2 Kh7 33. Ng3 Qd4
34. Nxf5 Qd1+ 35. Kh2 Reg8 36. Ng3 Qd6 37. Bb1 Kh8 38. Bxg6 Rxg6 39. Qe3 Kh7
40. Qe5 Qc6 41. Qe4 Qd6 42. Qe5 Qc6 43. Rd2 Rg7 44. Qe4+ Qxe4 45. Nxe4 Kg6 46.
Ng3 Rf7 47. Re2 Rf6 48. Ne4 Rf5 49. Nd6 Rf6 50. Nb5 a6 51. Nc7 a5 52. Rxe6 Rxe6
53. Nxe6 Kf5 54. Nd4+ Ke4 55. Nc6 Kd5 56. Ne7+ Ke4 57. b4 a4 58. b5 Kd4 59. Kg3
Kc4 60. f4 Kxb5 61. f5 Kc5 62. Kf4 Kd6 63. f6 b5 64. Ke4 b4 65. Kd3 b3 66. Kc3
Ke6 67. Nc6 Kxf6 68. Nd4 Kg5 69. g3 Kf6 70. Nxb3 axb3 71. Kxb3 Ke5 72. Kc3 Ke4
73. a4 Kf3 74. a5 Kxg3 75. a6 Kxh3 76. a7 h5 77. a8=Q h4 78. Qh1+ Kg3 79. Kd3
h3 80. Ke3 h2 81. Ke2 Kh3 82. Kf2 1-0